Normal view
MARC view
- Gaeta S., Sirboni S., Accattoli L., Paglia V., Bobbio A
Entry Personal Name
001 - CONTROL NUMBER
- control field: 62882
003 - CONTROL NUMBER IDENTIFIER
- control field:
005 - DATE AND TIME OF LATEST TRANSACTION
- control field: 20251209144630.0
008 - FIXED-LENGTH DATA ELEMENTS
- fixed length control field: 251209|| aca||aabn | a|a d
040 ## - CATALOGING SOURCE
- Original cataloging agency:
- Transcribing agency:
100 ## - HEADING--PERSONAL NAME
- Personal name: Gaeta S., Sirboni S., Accattoli L., Paglia V., Bobbio A
670 ## - SOURCE DATA FOUND
- Source citation: Work cat.: ()219078: Campanini Giorgio (et al.) 62284, Fedeli in Dio, 2003